[Event "Uxbridge Premier"]
[Site "Denham ENG"]
[Date "2010.10.24"]
[Round "1"]
[White "Clark,Robert"]
[Black "Buckley,G"]
[Result "0-1"]
[WhiteElo "2027"]
[BlackElo "2397"]

1.c4 b6 2.Nc3 e6 3.Nf3 Bb7 4.d4 f5 5.d5 Bb4 6.Qb3 Na6 7.a3 Nc5 8.Qc2 Bxc3+
9.Qxc3 Nf6 10.Bg5 O-O 11.dxe6 dxe6 12.Nd2 a5 13.f3 Qe8 14.Be3 Na4 15.Qc2 e5
16.b3 f4 17.Bf2 Nc5 18.e4 fxe3 19.Bxe3 e4 20.O-O-O exf3 21.Bxc5 bxc5 22.gxf3 a4
23.b4 cxb4 24.axb4 a3 25.c5 Bd5 26.Bc4 Qe5 27.Ne4 Qa1+ 28.Kd2 Qd4+ 29.Bd3 Nxe4+
30.fxe4 Rf2+  0-1

[Event "11th Liberec Open"]
[Site "Liberec CZE"]
[Date "2010.10.24"]
[Round "2"]
[White "Benes,Pe1"]
[Black "Vavra,P1"]
[Result "0-1"]
[WhiteElo "2115"]
[BlackElo "2351"]

1.c4 b6 2.d4 e6 3.a3 Bb7 4.Nc3 f5 5.Nh3 Nf6 6.f3 g6 7.Bf4 Bg7 8.Qd2 O-O 9.d5 Na6
10.b4 Nh5 11.Bg5 Qe8 12.Rd1 d6 13.g4 fxg4 14.fxg4 Nf6 15.Nf4 exd5 16.cxd5 h6
17.Bg2 hxg5 18.Ne6 Nxg4 19.Ne4 Rf5 20.Ng3 Re5 21.e4 Bxd5 22.Nxg7 Kxg7 23.O-O Bc4
24.Rf3 Qe7 25.Qd4 Be2 26.Nxe2 Nf6 27.Rdf1 Rf8 28.Nc3 c5 29.Qd3 Nc7 30.b5 Ne6
31.Nd5 Nxd5 32.Rxf8 Ndf4 33.R8xf4 Nxf4 34.Qd2 Nxg2 35.Kxg2 Rxe4 36.Kh1 Re2
37.Qd5 Qe4+ 38.Qxe4 Rxe4 39.Rd1 Rd4 40.Re1 Kf6  0-1

[Event "14th OIBM"]
[Site "Bad Wiessee GER"]
[Date "2010.10.31"]
[Round "2.45"]
[White "Obers,F"]
[Black "Poetsch,H"]
[Result "1/2-1/2"]
[WhiteElo "2103"]
[BlackElo "2395"]

1.c4 b6 2.e4 Bb7 3.Nc3 e6 4.Nge2 Nf6 5.d3 d5 6.cxd5 exd5 7.e5 Nfd7 8.d4 c5
9.f4 Nc6 10.Be3 Ne7 11.g3 g6 12.Bg2 Bg7 13.O-O O-O 14.dxc5 Nxc5 15.Nd4 Qd7
16.Rf2 Ne4 17.Nxe4 dxe4 18.Rd2 Nd5 19.Qb3 Nxe3 20.Qxe3 f5 21.exf6 Rxf6 22.Bxe4 Bxe4
23.Qxe4 Re8 24.Nf3 Qc8 25.Qd5+  1/2-1/2

[Event "14th OIBM"]
[Site "Bad Wiessee GER"]
[Date "2010.11.05"]
[Round "8.22"]
[White "Lindemann,C"]
[Black "Rivas Pastor,M"]
[Result "0-1"]
[WhiteElo "2217"]
[BlackElo "2529"]

1.c4 b6 2.Nc3 Bb7 3.e4 e6 4.Nf3 c5 5.Be2 Nf6 6.d3 d5 7.e5 d4 8.Nb5 Nfd7 9.Bg5 Qc8
10.O-O Nc6 11.Qd2 Qb8 12.Rfe1 a6 13.Na3 h6 14.Bh4 Ndxe5 15.Nxe5 Qxe5 16.Nc2 Qd6
17.Bh5 Be7 18.Bg3 Qd7 19.f4 O-O 20.Bg4 f5 21.Bh5 Kh7 22.a3 g6 23.Bd1 Bd6
24.Re2 Rae8 25.Ne1 e5 26.Ba4 e4 27.Bc2 Nd8  0-1

[Event "VII Open"]
[Site "Figueira da Foz POR"]
[Date "2010.11.05"]
[Round "7.11"]
[White "Santos,O"]
[Black "Diogo,V"]
[Result "0-1"]
[WhiteElo "1960"]
[BlackElo "2271"]

1.c4 b6 2.d4 e6 3.Nc3 Bb7 4.e3 f5 5.Nf3 Nf6 6.Bd2 Be7 7.Qc2 O-O 8.Bd3 c5
9.d5 Na6 10.Nb5 exd5 11.Bxf5 Ne4 12.cxd5 Rxf5 13.Qxe4 Qf8 14.O-O-O Bxd5 15.Qg4 Be6
16.Qa4 Nb4 17.Bxb4 cxb4 18.Kb1 Rc8 19.Nbd4 Ra5 20.Nxe6 Qf5+  0-1

[Event "3rd Chennai Open"]
[Site "Chennai IND"]
[Date "2011.01.21"]
[Round "6"]
[White "Shreyansh,D"]
[Black "Saptarshi,R"]
[Result "1-0"]
[WhiteElo "2251"]
[BlackElo "2399"]

1.c4 b6 2.b3 Bb7 3.Bb2 e6 4.e3 Nf6 5.Nf3 Be7 6.Be2 O-O 7.O-O d5 8.d3 c5 9.Nbd2 Nc6
10.a3 Qc7 11.Rc1 e5 12.cxd5 Nxd5 13.b4 cxb4 14.axb4 Ndxb4 15.Nxe5 Qd8 16.Nxc6 Bxc6
17.d4 a5 18.Nf3 Qd5 19.Ne1 Qa2 20.Qd2 Qe6 21.Nd3 Nxd3 22.Bxd3 f5 23.Qe2 a4
24.f3 Bg5 25.Rce1 Qh6 26.Bc4+ Kh8 27.d5 Bd7 28.Bd4 Rfe8 29.e4 Bf4 30.g3 Be5
31.Be3 f4 32.gxf4 Bxf4 33.Bd4 b5 34.Bd3 Rad8 35.Kh1 b4 36.Rg1 Be5  1-0

[Event "ch-TUR"]
[Site "Kemer-Antalya TUR"]
[Date "2011.02.08"]
[Round "5.9"]
[White "Karatekin,T"]
[Black "Donmez,Y"]
[Result "1/2-1/2"]
[WhiteElo "2268"]
[BlackElo "2113"]

1.c4 b6 2.Nc3 Bb7 3.e4 e6 4.d4 Bb4 5.Bd3 f5 6.f3 Nh6 7.h4 Qf6 8.e5 Qg6 9.Kf2 Nc6
10.Nge2 d6 11.Nb5 O-O-O 12.a3 a6 13.Nxc7 Nxd4 14.axb4 dxe5 15.Nd5 exd5 16.c5 bxc5
17.bxc5 Nb5 18.Bg5 Qc6 19.b4 d4 20.Bxh6 Qxh6 21.Bxf5+ Kb8 22.Qd3 e4 23.Bxe4 Bxe4
24.Qxe4 Qe3+ 25.Qxe3 dxe3+ 26.Kg3 Kb7 27.Rhe1 Rd2 28.f4 Re8 29.Kf3 h5 30.Rad1 Na3
31.Nc3 Rf2+ 32.Kg3 Rc2 33.Nd5 Nc4 34.Rd3 Rd2 35.Rc3 Rxd5 36.Rxc4 Rd2 37.Rc3 e2
38.Kf3 Rd4 39.Rxe2 Rxe2 40.Kxe2 Rxf4 41.Rg3 Rxh4 42.Rxg7+ Kb8 43.Rh7 Rxb4
44.Rxh5 a5 45.c6 Kc7 46.Rxa5 Kxc6 47.Re5 Kd6 48.Re3 Rf4 49.Re8 Kd7 50.Re5 Kd6
51.Re3 Rf5 52.Re4 Kd5 53.Ke3 Re5  1/2-1/2

[Event "ch-TUR"]
[Site "Kemer-Antalya TUR"]
[Date "2011.02.13"]
[Round "10"]
[White "Erturan,Y"]
[Black "Deviren,E"]
[Result "1-0"]
[WhiteElo "2367"]
[BlackElo "1857"]

1.c4 b6 2.d4 e6 3.Nc3 Bb4 4.Nf3 Bb7 5.Bg5 Ne7 6.e3 O-O 7.Bd3 f5 8.Qc2 d6
9.O-O-O Nd7 10.Ne2 d5 11.Nf4 Kf7 12.cxd5 Bxd5 13.Nxd5 exd5 14.Bxf5 Bd6 15.Bxh7 Rh8
16.Bh4 Nf8 17.Bd3 c5 18.dxc5 Rc8 19.Kb1 bxc5 20.Bf5 Rb8 21.Bxe7 Bxe7 22.Ne5+ Kg8
23.Nc6 Qc7 24.Nxb8  1-0

[Event "G-TEAM Open"]
[Site "Novy Bor CZE"]
[Date "2011.02.15"]
[Round "4"]
[White "Golcman,E"]
[Black "Bores,R"]
[Result "1-0"]
[WhiteElo "2298"]
[BlackElo "2143"]

1.c4 b6 2.Nc3 Bb7 3.e4 e6 4.Nf3 Bb4 5.Bd3 d6 6.Qa4+ Nc6 7.Ne2 a5 8.a3 Bc5
9.Bc2 e5 10.d4 exd4 11.Nexd4 Ne7 12.Be3 O-O 13.Rd1 Qd7 14.O-O Rad8 15.Qb3 Nxd4
16.Nxd4 Nc6 17.Nf5 Bxe3 18.Qxe3 Qe6 19.Bb1 Rde8 20.Rc1 Qe5 21.Rc3 Bc8 22.Ng3 Qd4
23.Qc1 h6 24.Kh1 Qf6 25.Rd3 Nd4 26.Nh5 Qe5 27.Qd1 c5 28.f4 Qe7 29.Rg3 g6
30.e5 Kh8 31.Nf6 Rd8 32.f5 Nxf5 33.Bxf5 dxe5 34.Bd3 Rd4 35.Qc2 Rf4 36.Nd5 Rxf1+
37.Bxf1 Qd6 38.Qb3 Be6 39.Qxb6 Qxb6 40.Nxb6 e4 41.Kg1 Kg7 42.Na4 Rc8 43.Rb3 Bd7
44.Nc3 Bc6 45.Kf2 f5 46.g3 Kf6 47.Rb6 Ke5 48.Ne2 g5 49.Ke3 a4 50.Ra6 Rc7
51.Ra5 Be8 52.Ra8 Bh5 53.Bh3 Rb7 54.Rf8 Rb3+ 55.Nc3 Bg6 56.Rg8 f4+ 57.gxf4+ gxf4+
58.Kd2 Bf7 59.Rc8 Rxb2+ 60.Kc1 Rxh2 61.Bg4 Bxc4 62.Re8+ Kd4 63.Nxe4 Bb3 64.Bf5 f3
65.Nd2 Rh1+ 66.Kb2 Rh2 67.Kc1 f2 68.Nf3+  1-0

[Event "ch-ROU Women"]
[Site "Sarata Monteoru ROU"]
[Date "2011.02.17"]
[Round "6.7"]
[White "Mathe,K"]
[Black "Dragomirescu,An"]
[Result "1-0"]
[WhiteElo "2033"]
[BlackElo "2174"]

1.c4 b6 2.d4 Bb7 3.Nc3 e6 4.Qc2 Bb4 5.a3 Bxc3+ 6.Qxc3 f5 7.b4 Nf6 8.f3 a5
9.Nh3 Qe7 10.Bb2 O-O 11.e3 Nh5 12.Bd3 Qh4+ 13.Nf2 Qg5 14.Ke2 Qxg2 15.d5 exd5
16.Rag1 Qxf3+ 17.Kf1 d4 18.Qxd4 Nf6 19.Rg3 Qh5 20.Rhg1 Qf7 21.Qxf6 Qxf6 22.Rxg7+ Kh8
23.Bxf6  1-0

[Event "ch-ROU Women"]
[Site "Sarata Monteoru ROU"]
[Date "2011.02.18"]
[Round "7.1"]
[White "Foisor,C"]
[Black "Peptan,C"]
[Result "1-0"]
[WhiteElo "2405"]
[BlackElo "2414"]

1.c4 b6 2.d4 Nf6 3.Nf3 e6 4.g3 Bb7 5.Bg2 Bb4+ 6.Nbd2 O-O 7.O-O d5 8.Ne5 Nbd7
9.Qa4 Bxd2 10.Bxd2 Nxe5 11.dxe5 Nd7 12.cxd5 exd5 13.Bc3 Qe7 14.Rad1 c6 15.e4 Nc5
16.Qa3 dxe4 17.Bxe4 Rfe8 18.Bg2 Qc7 19.Rfe1 Ne6 20.Qd6 Rad8 21.Qxc7 Nxc7
22.f4 Nb5 23.Kf2 Nxc3 24.bxc3 Kf8 25.Rd4 f6 26.exf6 gxf6 27.Rxe8+ Kxe8 28.Rxd8+ Kxd8
29.Be4 h6 30.Kf3 Ke7 31.Kg4 Kf7 32.Kh5 Kg7 33.g4 a5 34.a3 Ba8 35.Bg2 Bb7
36.Bf3 Kh7 37.g5 hxg5 38.fxg5 Kg7 39.Be4 Ba8 40.Kg4 Bb7 41.Kf4 fxg5+ 42.Kxg5 b5
43.Kf4 Kf6 44.h4 Ke6 45.h5 Kf6 46.h6 Ba6 47.Bxc6 b4 48.axb4 axb4 49.cxb4 Kg6
50.Ke5 Kxh6 51.Kd6 Kg7 52.Kc5 Kf6 53.Bb5 Bc8 54.Kd6 Kg5 55.Bf1 Kf4 56.b5 Ke3
57.Kc7 Bf5 58.b6 Be4 59.Bb5  1-0

[Event "TCh-HUN 2010-11"]
[Site "Kazincbarcika HUN"]
[Date "2011.02.20"]
[Round "6"]
[White "Lizak,P"]
[Black "Hando,V"]
[Result "1/2-1/2"]
[WhiteElo "2377"]
[BlackElo "2308"]

1.c4 b6 2.Nf3 Bb7 3.g3 f5 4.Bg2 Nf6 5.O-O e6 6.d3 Bd6 7.Nc3 O-O 8.e4 fxe4
9.Ng5 Bb4 10.Ncxe4 Nxe4 11.Nxe4 Nc6 12.d4 Be7 13.d5 Ne5 14.dxe6 dxe6 15.b3 Qxd1
16.Rxd1 Nf3+ 17.Bxf3 Rxf3 18.Bg5 Bb4 19.Bd2 Bxd2 20.Nxd2 Rd3 21.Nf1 Rad8
22.Rxd3 Rxd3 23.Re1 Kf7 24.f4 a5 25.Kf2 h5 26.Ke2 Rd4 27.Ne3 Kf6 28.Rd1 Rxd1
29.Nxd1 e5 30.fxe5+ Kxe5 31.Ke3 g5 32.Nc3 Bc6 33.Ne2 Bd7 34.Nc3 Bc6 35.Ne2 Bg2
36.Nc3 Bc6 37.Ne2 Bd7 38.Nd4 Be8 39.Ne2 Bd7 40.Nd4 Be8 41.Ne2  1/2-1/2

[Event "TCh-CAT Div Hon"]
[Site "Barcelona ESP"]
[Date "2011.02.26"]
[Round "5"]
[White "Adel Lahchaichi,O"]
[Black "Aloma Vidal,R"]
[Result "0-1"]
[WhiteElo "2262"]
[BlackElo "2434"]

1.c4 b6 2.e4 Bb7 3.Nc3 e6 4.g3 f5 5.Bg2 Nf6 6.d3 fxe4 7.Nge2 Nc6 8.dxe4 Bc5
9.O-O O-O 10.h3 Ne5 11.b3 Nh5 12.Nd4 Bxd4 13.Qxd4 Nf3+ 14.Bxf3 Rxf3 15.Be3 Qe7
16.Qe5 Nxg3 17.fxg3 Rxe3 18.Kf2 Rd3 19.Ke2 d6 20.Qf4 Rxc3 21.Kd2 g5 22.Qf2 Qg7
23.e5 Rf3  0-1

[Event "TCh-SUI 2011"]
[Site "Switzerland SUI"]
[Date "2011.02.27"]
[Round "1.6"]
[White "Zueger,B"]
[Black "Hirneise,T"]
[Result "1/2-1/2"]
[WhiteElo "2417"]
[BlackElo "2427"]

1.c4 b6 2.d4 e6 3.e4 Bb7 4.Bd3 Bb4+ 5.Bd2 Bxd2+ 6.Nxd2 Nh6 7.Ngf3 O-O 8.O-O f5
9.Qc2 fxe4 10.Bxe4 Bxe4 11.Qxe4 Nc6 12.Rfe1 Qf6 13.d5 exd5 14.cxd5 Na5 15.b4 Nb7
16.Qc4 Qf4 17.Rac1 Rac8 18.Re7 Qxc4 19.Nxc4 Rf7 20.Rxf7 Nxf7 21.Nce5 Nxe5
22.Nxe5 Kf8 23.Nxd7+ Ke7 24.Ne5 Kd6 25.Nc6 a6 26.f4 Rf8 27.g3 Kxd5 28.Ne5 Rc8
29.Rd1+ Ke4 30.Nc6 Nd6 31.Kf2 Rf8 32.Rd4+ Kf5 33.Kf3 Ke6 34.g4 Kd7 35.Ne5+ Ke6
36.Nc6 Kd7 37.Ne5+ Ke6 38.Nc6  1/2-1/2

[Event "27th Open"]
[Site "Cappelle la Grande FRA"]
[Date "2011.03.02"]
[Round "6.90"]
[White "Urbaniak,P"]
[Black "Peric,Sl"]
[Result "0-1"]
[WhiteElo "1932"]
[BlackElo "2236"]

1.c4 b6 2.Nc3 e6 3.Nf3 Nf6 4.g3 Bb7 5.Bg2 Bb4 6.O-O O-O 7.a3 Bxc3 8.dxc3 h6
9.Bf4 d6 10.Qc1 Nbd7 11.Rd1 Qe7 12.h3 Be4 13.g4 e5 14.Bg3 Nc5 15.g5 hxg5
16.Qxg5 Qe6 17.b4 Ncd7 18.Nh4 Nh7 19.Qg4 f5 20.Bxe4 fxg4 21.Bd5 Qxd5 22.cxd5 g5
23.Ng2 gxh3 24.Ne3 Nhf6 25.c4 Rf7 26.f3 e4 27.Rd4 Re8 28.Nf5 Kh7 29.Bxd6 Kg6
30.Bxc7 Kxf5 31.fxe4+ Rxe4 32.Rf1+ Kg6 33.Rd3 Rxc4 34.Rxh3 Rxc7  0-1

[Event "1st Alpine Ski Open"]
[Site "Anzere SUI"]
[Date "2011.03.19"]
[Round "5.3"]
[White "Georgiev,Vl"]
[Black "Chatalbashev,B"]
[Result "1/2-1/2"]
[WhiteElo "2576"]
[BlackElo "2602"]

1.c4 b6 2.d4 Bb7 3.Nc3 e6 4.a3 f5 5.Nf3 Nf6 6.g3 Ne4 7.Nxe4 Bxe4 8.Bh3 Be7
9.O-O O-O 10.d5 Qe8 11.Nd4 Qh5 12.Bg2 Bxg2 13.Kxg2 Qf7 14.Nf3 Bf6 15.Rb1 e5
16.e4 f4 17.Ne1 Qg6 18.Qe2 d6 19.Kh1 fxg3 20.fxg3 Nd7 21.Nd3 Bg5 22.Bxg5 Qxg5
23.Kg2 a5 24.Rxf8+ Rxf8 25.Rf1 Rxf1 26.Kxf1 a4 27.Kg2 Nf6 28.h4 Qh6 29.Nf2 Qc1
30.Ng4 Nd7 31.Nf2 Nf6 32.Ng4 Nd7  1/2-1/2

[Event "e2e4 Uxbridge Open"]
[Site "Denham ENG"]
[Date "2011.03.19"]
[Round "3"]
[White "Buyandalai,Tumen"]
[Black "Merry,Alan B"]
[Result "1-0"]
[WhiteElo "2059"]
[BlackElo "1979"]

1.c4 b6 2.Nc3 Bb7 3.e4 e6 4.d3 c5 5.g3 Nf6 6.Bg2 Be7 7.Nge2 O-O 8.O-O Qc7
9.f4 a6 10.h3 Nc6 11.Be3 Rfd8 12.g4 Ne8 13.f5 Bd6 14.a3 Be5 15.Qe1 Nd4 16.Rc1 Nf6
17.Nf4 h6 18.Nce2 Nxe2+ 19.Qxe2 Bd4 20.Bxd4 cxd4 21.h4 exf5 22.g5 hxg5 23.hxg5 Nh7
24.exf5 Nxg5 25.f6 g6 26.Qg4 Ne6 27.Nxe6 dxe6 28.Qh4 Qc5 29.Bxb7 Ra7 30.Qh6 Qf8
31.Qh4 Rxb7 32.Rf2 Qc5 33.Rh2 Qh5 34.Qxh5 gxh5 35.Rxh5 Rc7 36.Kf2 Rc5 37.Rg1+ Kf8
38.Rh8+  1-0

[Event "e2e4 Uxbridge Open"]
[Site "Denham ENG"]
[Date "2011.03.20"]
[Round "5"]
[White "Humphreys,Je"]
[Black "Merry,Alan B"]
[Result "0-1"]
[WhiteElo "2066"]
[BlackElo "1979"]

1.c4 b6 2.Nc3 Bb7 3.e4 e5 4.Nf3 Nc6 5.d4 exd4 6.Nxd4 Bb4 7.Be3 Bxc3+ 8.bxc3 Nxd4
9.Qxd4 Qf6 10.f3 d6 11.Be2 O-O-O 12.O-O Re8 13.Qd2 Ne7 14.Bd4 Qe6 15.Bd3 f6
16.a4 a5 17.Rab1 Nc6 18.Qb2 Ne5 19.Be2 Nd7 20.Qb5 f5 21.Rfe1 f4 22.Bxg7 Rhg8
23.Bd4 Qh3 24.Bf1 Qxf3 25.Kh1 Qg4 26.Qf5 Qxf5 27.exf5 Rxe1 28.Rxe1 f3 29.Bd3 f2  0-1

[Event "Skopje Spring Open 2011"]
[Site "Skopje MKD"]
[Date "2011.03.26"]
[Round "8"]
[White "Konstantinov,Aleksandar MKD"]
[Black "Kukov,T"]
[Result "0-1"]
[WhiteElo "1657"]
[BlackElo "2076"]

1.c4 b6 2.d4 e6 3.Nc3 Bb7 4.Bf4 Nf6 5.e3 Be7 6.Nf3 O-O 7.Be2 d6 8.O-O Nh5
9.Bg3 Nxg3 10.hxg3 Nd7 11.Nd2 e5 12.Bf3 Bxf3 13.Nxf3 Re8 14.d5 f5 15.b4 Rf8
16.Qd2 Qe8 17.Rae1 Qh5 18.e4 f4 19.Ne2 g5 20.gxf4 gxf4 21.Nh2 Rf6 22.Qd3 Rh6
23.Qh3 Qxh3 24.gxh3 Rxh3 25.f3 a5 26.b5 Kf7 27.Kg2 Rh5 28.Rg1 Bh4 29.Rd1 Rg8+
30.Kf1 Rxg1+ 31.Nxg1 Nf6 32.Rd2 Bg3 33.Ng4 Nxg4 34.fxg4 Rg5 35.Nf3 Rxg4 36.Rg2 h5
37.Rg1 h4 38.a4 Rg8 39.Rh1 Rh8 40.Rh3 Kg6 41.Kg2 Kh5 42.Kf1 Kg4 43.Kg2 Rh6
44.Ng1 f3+ 45.Nxf3 Rf6 46.Nh2+ Bxh2 47.Rxh2 Rf4  0-1

[Event "ch-VIE Men Places"]
[Site "Da Lat VIE"]
[Date "2011.03.29"]
[Round "2.1"]
[White "Vo Thanh Ninh"]
[Black "Cao,S"]
[Result "1-0"]
[WhiteElo "2315"]
[BlackElo "2557"]

1.c4 b6 2.Nc3 Bb7 3.e4 e6 4.Nge2 c5 5.g3 d6 6.Bg2 Nd7 7.O-O a6 8.f4 Ngf6
9.d3 Qc7 10.f5 e5 11.h3 h5 12.Bg5 Be7 13.Qd2 Qd8 14.Be3 Nh7 15.a3 Bg5 16.b4 h4
17.g4 Bxe3+ 18.Qxe3 Qg5 19.Qxg5 Nxg5 20.Rfb1 Bc6 21.Nc1 Ke7 22.Nb3 Rhb8 23.Rb2 Kd8
24.Rab1 Kc7 25.b5 axb5 26.cxb5 Bb7 27.a4 Nh7 28.Nd2 g5 29.Bf3 Nhf6 30.Nc4 Ne8
31.Bd1 Kd8 32.Bb3 f6 33.Ra2 Ke7 34.a5 bxa5 35.Nxa5 Nc7 36.b6 Nxb6 37.Bc4 Nxc4
38.dxc4 Bxe4 39.Rxb8 Rxb8 40.Nxe4 Rb1+ 41.Kg2 d5 42.Nc3 Rc1 43.Nxd5+ Nxd5
44.cxd5 Kd6 45.Rd2 e4 46.Nb7+ Kd7 47.Kf2 Rc3 48.Ke2 Rc1 49.d6 Rc3 50.Rd5 Rxh3
51.Nxc5+ Kc6 52.Rd1 Rh2+ 53.Ke3  1-0

[Event "10th Weiz City Open"]
[Site "Weiz AUT"]
[Date "2011.04.09"]
[Round "4"]
[White "Huber,Gu"]
[Black "Horvath,Re"]
[Result "0-1"]
[WhiteElo "2005"]
[BlackElo "1965"]

1.c4 b6 2.Nf3 Bb7 3.Nc3 e6 4.g3 Nf6 5.Bg2 c5 6.d3 a6 7.O-O Qc7 8.e4 d6 9.h3 Be7
10.Rb1 Nbd7 11.Bf4 O-O 12.Re1 Qc6 13.Nh4 Qc7 14.b4 cxb4 15.Rxb4 e5 16.Nf5 exf4
17.Nxe7+ Kh8 18.gxf4 Qc5 19.Rb3 g5 20.Na4 Qa5 21.fxg5 Qxg5 22.Nxb6 Rg8 23.Nxg8 Rxg8
24.Qf3 Ne5 25.Qg3 Qd2 26.Qe3 Qxe1+ 27.Qxe1 Nf3+ 28.Kf1 Nxe1 29.Kxe1 Rxg2
30.Na4 Bc6 31.Nc3 Nd7 32.Ne2 Rh2 33.Nf4 Rh1+ 34.Ke2 Ra1 35.Ra3 Nc5 36.f3 Rb1
37.Ra5 Bb7 38.d4 Ne6 39.Nxe6 fxe6 40.c5 dxc5 41.dxc5 Rb5 42.Ra3 Rxc5 43.Rd3 Bc6
44.Rd6 Bb5+ 45.Ke3 Rc6 46.Rd4 Kg7 47.Kf4 Rc5 48.Rd6 Bc4 49.h4 Ra5 50.e5 Rxa2
51.Kg5 Rg2+ 52.Kh5 Bd5 53.Rd7+ Kg8 54.Rd8+ Kf7 55.Rd7+ Ke8 56.Rxh7 Bxf3+
57.Kh6 Rg4 58.Ra7 Rxh4+ 59.Kg5 Ra4 60.Kf6 Bd5  0-1

[Event "TCh-HUN 2010-11"]
[Site "Paks HUN"]
[Date "2011.04.17"]
[Round "9"]
[White "Fodor,T jr"]
[Black "Popovics,A"]
[Result "1/2-1/2"]
[WhiteElo "2451"]
[BlackElo "2402"]

1.c4 b6 2.d4 e6 3.a3 Bb7 4.Nc3 Nf6 5.d5 d6 6.g3 b5 7.Qb3 a6 8.Bg2 exd5 9.cxb5 axb5
10.Qxb5+ Bc6 11.Qd3 d4 12.Bxc6+ Nxc6 13.Nb5 Ne5 14.Qxd4 c5 15.Qd1 Be7 16.a4 O-O
17.Bf4 Qa5+ 18.Bd2 Qb6 19.Nh3 Nc4 20.O-O Ne4 21.Bc1 Qc6 22.b3 Nb6 23.Bb2 d5
24.Nf4 Bg5 25.Nd3 d4 26.Qc2 Rfe8 27.Nxd4 Qd5 28.Nf3 c4 29.bxc4 Nxc4 30.Nxg5 Nxg5
31.Nf4 Qc6 32.h4 Rxe2 33.Qxe2 Nf3+ 34.Qxf3 Qxf3 35.Bd4 Qc6 36.Rfc1 Rxa4 37.Rxa4 Qxa4
38.Nd5 h6 39.Nb6 Nxb6 40.Bxb6 Kh7 41.Be3 Qd7 42.Rc5 Qe7 43.Ra5 Qe6 44.Rc5 Kg6
45.Rb5 Qd7 46.Rc5 f5 47.Kh2 Kh5 48.Rc4 Qd5 49.Rd4 Qe6 50.Rb4 g5 51.hxg5 hxg5
52.Rd4 Qc6 53.Rb4 Qf3 54.Rd4 Qc6 55.Rb4 Qd6 56.Rd4 Qe7 57.Kg2 Kg6 58.Kg1 Qb7
59.Kh2 Kf6 60.Rd6+ Ke5 61.Rd4 Qf3 62.Rb4 Kd5 63.Rd4+ Ke6 64.Kg1 f4 65.Bxf4 gxf4
66.Rxf4 Qd1+ 67.Kg2  1/2-1/2

[Event "Joao Braga Open"]
[Site "Sao Paolo BRA"]
[Date "2011.04.21"]
[Round "2.2"]
[White "Mandetta,J"]
[Black "Fier,A"]
[Result "0-1"]
[WhiteElo "2138"]
[BlackElo "2586"]

1.c4 b6 2.Nf3 Bb7 3.b3 e6 4.Bb2 f5 5.d3 Bxf3 6.exf3 c5 7.g3 Nc6 8.f4 Kf7
9.Nd2 Be7 10.Nf3 Bf6 11.Ne5+ Bxe5 12.fxe5 d6 13.Bg2 Nge7 14.exd6 Qxd6 15.Qh5+ Ng6
16.O-O Rad8 17.Rad1 Nd4 18.Rfe1 Rhe8 19.Re3 Kg8 20.Bxd4 cxd4 21.Re2 Rf8 22.Rde1 Rf6
23.f4 a5 24.Re5 Nxe5 25.Rxe5 Kh8 26.Qe2 Rc8 27.Bf3 Rc5  0-1

[Event "Easter Open"]
[Site "Norrkoping SWE"]
[Date "2011.04.23"]
[Round "5"]
[White "Hillarp Persson,T"]
[Black "Backman,A"]
[Result "1-0"]
[WhiteElo "2524"]
[BlackElo "2114"]

1.c4 b6 2.Nc3 Bb7 3.d4 e6 4.a3 f5 5.d5 Nf6 6.Nf3 Bd6 7.g3 O-O 8.Bg2 Na6 9.b4 Ne4
10.Bb2 Qf6 11.Qb3 Qf7 12.O-O Nxc3 13.Qxc3 Qf6 14.Qxf6 gxf6 15.e3 Rac8 16.Rfd1 Ba8
17.Rd2 Kf7 18.Rad1 Rfd8 19.Nh4 Ke7 20.f4 c6 21.dxe6 dxe6 22.Bxf6+ Kxf6 23.Rxd6 Rxd6
24.Rxd6 Ke7 25.Rd2 c5 26.b5 Nc7 27.Bxa8 Rxa8 28.Nf3 Ne8 29.Ne5 Nd6 30.a4 a6
31.bxa6 Ne4 32.Rd7+ Ke8 33.a7  1-0

[Event "Luebeck GM"]
[Site "Luebeck GER"]
[Date "2011.04.27"]
[Round "3"]
[White "Krause,U"]
[Black "Epishin,V"]
[Result "1/2-1/2"]
[WhiteElo "2264"]
[BlackElo "2567"]

1.c4 b6 2.Nc3 Bb7 3.e4 e6 4.Nge2 d6 5.g3 Nd7 6.Bg2 g6 7.O-O Bg7 8.d3 Ne7
9.Be3 O-O 10.Qd2 Re8 11.f4 c5 12.d4 cxd4 13.Nxd4 a6 14.f5 exf5 15.exf5 Bxg2
16.Kxg2 Qc8 17.Bh6 Bh8 18.Qf4 Qxc4 19.Rad1 Nf6 20.Qf3 Ned5 21.fxg6 hxg6 22.Nxd5 Qxd5
23.Qxd5 Nxd5 24.Nf3 Re2+ 25.Kh3 Ne7 26.g4 d5 27.Rfe1 Rxe1 28.Rxe1 Nc6 29.Rd1 Rd8
30.Bg5 Rd7 31.Rc1 Na7 32.Re1 Kf8 33.Bh6+ Bg7 34.Bxg7+ Kxg7 35.Nd4 Nb5 36.Nxb5 axb5
37.g5 d4 38.Kg3 d3 39.Kf3 f6 40.gxf6+ Kxf6 41.Rd1 Kf5 42.Ke3 Kg4 43.Rxd3 Rxd3+
44.Kxd3 Kh3 45.Ke4 Kxh2 46.Kf4 Kg2 47.Kg5 Kf3 48.Kxg6 Ke4 49.Kf6 Kd3 50.Ke6 Kc2
51.Kd5 Kxb2 52.Kc6 b4 53.Kb5 Ka3 54.Kc4 Ka4 55.Kd5 Kb5 56.Kd6 Ka5 57.Kc6 b5
58.Kc5 Ka4 59.Kb6 Ka3 60.Kxb5 Kxa2 61.Kxb4  1/2-1/2

[Event "Luebeck GM"]
[Site "Luebeck GER"]
[Date "2011.05.03"]
[Round "9"]
[White "Von Herman,U"]
[Black "Janz,F"]
[Result "1-0"]
[WhiteElo "2395"]
[BlackElo "2337"]

1.c4 b6 2.Nc3 Bb7 3.d4 e6 4.Nf3 Bb4 5.Bd2 Nf6 6.g3 c5 7.a3 Bxc3 8.Bxc3 Ne4
9.Rc1 O-O 10.Bg2 Nxc3 11.Rxc3 cxd4 12.Qxd4 Nc6 13.Qf4 Qb8 14.Qe3 d6 15.O-O Rd8
16.Rd1 Qc7 17.Rcd3 Rd7 18.Qd2 Rad8 19.b4 Ne7 20.Ne5 Bxg2 21.Kxg2 Qb7+ 22.f3 Rc7
23.Rxd6 Rf8 24.Rd8 Rc8 25.Rxf8+ Rxf8 26.Qd7 Qb8 27.Qxe7 Qxe5 28.Rd8 Qxe2+
29.Kh3 Qf1+ 30.Kh4 Qxc4+ 31.f4  1-0

[Event "TCh-SVK Extraliga 2010-11"]
[Site "Slovakia SVK"]
[Date "2011.05.07"]
[Round "10"]
[White "Bednar,Mil"]
[Black "Bokros,A"]
[Result "1-0"]
[WhiteElo "2266"]
[BlackElo "2501"]

1.c4 b6 2.Nf3 Bb7 3.g3 Bxf3 4.exf3 c5 5.f4 Nc6 6.Bg2 g6 7.O-O Bg7 8.Nc3 Nh6
9.h4 Nf5 10.d3 Rc8 11.Be4 Ncd4 12.h5 e6 13.Kg2 a6 14.Rh1 b5 15.Be3 Qb6 16.Rc1 Nd6
17.b3 Ke7 18.Re1 Qa5 19.Bd2 b4 20.Na4 Qc7 21.Kg1 Rcg8 22.Bg2 Bf6 23.Kf1 g5
24.fxg5 Bxg5 25.Re5 N6f5 26.Rxc5 Qb8 27.Qe1 Bxd2 28.Qxd2 Rg7 29.Re1 Rhg8
30.Rce5 f6 31.R5e4 a5 32.Qf4 Qa7 33.c5 Rg4 34.Qd2 Qc7 35.Rxg4 Rxg4 36.Re4 Rg5
37.h6 Rg6 38.Qb2 e5 39.Qc1 Ne6 40.Nb6 Qxc5 41.Nc8+ Kd8 42.Rc4 Qb5 43.Be4 Ned4
44.Na7 Qa6 45.Rc8+ Ke7 46.Ra8 Kf7 47.Nc6 Qxa8 48.Nxe5+ fxe5 49.Bxa8 Rf6 50.Kg2 Nxh6
51.Bd5+ Ke7 52.Qc5+ Rd6 53.f4  1-0

[Event "20th Croatian Cup"]
[Site "Sibenik CRO"]
[Date "2011.05.20"]
[Round "4.22"]
[White "Bosiocic,Mari"]
[Black "Zaja,I"]
[Result "1-0"]
[WhiteElo "2558"]
[BlackElo "2485"]

1.c4 b6 2.d4 e6 3.e4 Bb7 4.Bd3 Nc6 5.Ne2 Nb4 6.Nbc3 Nxd3+ 7.Qxd3 d6 8.O-O Nf6
9.d5 Qd7 10.f4 Be7 11.e5 dxe5 12.fxe5 Ng4 13.Qg3 h5 14.h3 Bc5+ 15.Kh1 exd5
16.cxd5 Ba6 17.Bg5 Bxe2 18.Nxe2 Qxd5 19.Nc3 Qc6 20.Rae1 Bd4 21.Qf4 Nf2+ 22.Kh2 Qd7
23.e6 Qd6 24.Qxd6 cxd6 25.Nb5 f6  1-0

[Event "3rd Limpedea Cup"]
[Site "Baia Sprie ROU"]
[Date "2011.05.23"]
[Round "1"]
[White "Genov,Peta"]
[Black "Semcesen,D"]
[Result "1/2-1/2"]
[WhiteElo "2444"]
[BlackElo "2472"]

1.c4 b6 2.Nc3 Bb7 3.Nf3 c5 4.d4 cxd4 5.Nxd4 Nf6 6.f3 a6 7.e4 d6 8.Be3 e6
9.Be2 Nbd7 10.O-O Be7 11.a4 O-O 12.a5 bxa5 13.Nb3 Rb8 14.Nxa5 Ba8 15.Qd2 Re8
16.Kh1 Ne5 17.Rfd1 Qc7 18.Rdc1 Red8 19.Na4 Rd7 20.b4 Qd8 21.Rab1 h6 22.Qe1 d5
23.exd5 exd5 24.Bf4 Bd6 25.Qc3 Nxc4 26.Bxd6 Rxd6 27.Nxc4 dxc4 28.Qxc4 Bc6
29.Nc3 Bb7 30.Rd1 Rc8 31.Qb3  1/2-1/2

[Event "Zonal 3.3"]
[Site "Tagaytay City PHI"]
[Date "2011.05.25"]
[Round "3"]
[White "Garcia,Jan"]
[Black "Dao Thien Hai"]
[Result "1/2-1/2"]
[WhiteElo "2344"]
[BlackElo "2512"]

1.c4 b6 2.Nf3 Bb7 3.g3 Nf6 4.Bg2 e6 5.O-O Be7 6.d4 O-O 7.Nc3 Ne4 8.Qc2 Nxc3
9.Qxc3 Be4 10.Ne1 Bxg2 11.Nxg2 Nc6 12.Be3 Bf6 13.Rac1 Ne7 14.Qd3 d6 15.Bd2 Qd7
16.Rfd1 Rfd8 17.Ne1 Qe8 18.Nf3 h6 19.b3 c6 20.e4 Ng6 21.h4 Rac8 22.Kg2 Nf8
23.Bc3 d5 24.cxd5 exd5 25.e5 Be7 26.Nh2 c5 27.f4 cxd4 28.Bxd4 Ne6 29.Rxc8 Rxc8
30.Nf3 Rd8 31.Rd2 Qd7 32.f5 Nc5 33.Bxc5 bxc5 34.Re2 Qc8  1/2-1/2

[Event "Nis Open 2011"]
[Site "Nis SRB"]
[Date "2011.05.26"]
[Round "3.2"]
[White "Raicevic,I"]
[Black "Milenkovic,Ml"]
[Result "0-1"]
[WhiteElo "2279"]
[BlackElo "2405"]

1.c4 b6 2.Nc3 Bb7 3.e4 e6 4.g3 Bb4 5.Nge2 f5 6.Bg2 fxe4 7.Nxe4 Nc6 8.a3 Be7
9.d4 Na5 10.Nf4 Nf6 11.Nxf6+ Bxf6 12.Bxb7 Nxb7 13.Nh5 Nd6 14.b3 Nf5 15.Be3 c5
16.Nxf6+ Qxf6 17.O-O cxd4 18.Bd2 O-O 19.Qe2 Rae8 20.Rae1 d6 21.Qe4 h5 22.h4 Qf7
23.Bg5 g6 24.Kg2 d5 25.Qe5 dxc4 26.bxc4 Qb7+ 27.Re4 Nd6 28.Re1 Nxe4 29.Rxe4 Rf7
30.Qxd4 Ref8 31.Be3 Qc6 32.Qe5 Rf5 33.Qd4 R8f7 34.Bf4 e5 35.Bxe5 Rxf2+ 36.Kh3 Qd7+
37.g4 Qxd4 38.Rxd4 R7f3+ 39.Bg3 Rxa3 40.gxh5 gxh5 41.Rd5 Rff3  0-1